Tous les Pokémon (0001-1025) - Statistiques

Statistiques générales
  • Ce quiz a été pris 901 fois
    138 depuis la dernière actualisation
  • Le résultat moyen est 436 sur 1028
Statistiques - réponses
Nom % Correct
0001 Bulbizarre
95%
0025 Pikachu
93%
0009 Tortank
93%
0007 Carapuce
90%
0006 Dracaufeu
90%
0003 Florizarre
90%
0002 Herbizarre
90%
0005 Reptincel
90%
0004 Salamèche
90%
0026 Raichu
88%
0008 Carabaffe
85%
0148 Draco
85%
0133 Évoli
85%
0151 Mew
85%
0066 Machoc
80%
0067 Machopeur
80%
0068 Mackogneur
80%
0173 Mélo
80%
0150 Mewtwo
80%
0147 Minidraco
80%
0095 Onix
80%
0136 Pyroli
80%
0074 Racaillou
80%
0016 Roucool
80%
0017 Roucoups
80%
0135 Voltali
80%
0063 Abra
78%
0065 Alakazam
78%
0013 Aspicot
78%
0010 Chenipan
78%
0011 Chrysacier
78%
0015 Dardargnan
78%
0035 Mélofée
78%
0094 Ectoplasma
78%
0075 Gravalanch
78%
0130 Léviator
78%
0129 Magicarpe
78%
0082 Magnéton
78%
0196 Mentali
78%
0197 Noctali
78%
0012 Papilusion
78%
0255 Poussifeu
78%
0146 Sulfura
78%
0393 Tiplouf
78%
0387 Tortipouss
78%
0134 Aquali
76%
0059 Arcanin
76%
0144 Artikodin
76%
0058 Caninos
76%
0014 Coconfort
76%
0483 Dialga
76%
0149 Dracolosse
76%
0145 Électhor
76%
0092 Fantominus
76%
0282 Gardevoir
76%
0076 Grolem
76%
0064 Kadabra
76%
0081 Magnéti
76%
0036 Mélodelfe
76%
0484 Palkia
76%
0172 Pichu
76%
0142 Ptéra
76%
0143 Ronflex
76%
0018 Roucarnage
76%
0093 Spectrum
76%
0258 Gobou
73%
0052 Miaouss
73%
0034 Nidoking
73%
0053 Persian
73%
0021 Piafabec
73%
0022 Rapasdepic
73%
0392 Simiabraz
73%
0050 Taupiqueur
73%
0493 Arceus
71%
0252 Arcko
71%
0257 Braségali
71%
0466 Élekable
71%
0125 Élektek
71%
0244 Entei
71%
0038 Feunard
71%
0152 Germignon
71%
0471 Givrali
71%
0037 Goupix
71%
0040 Grodoudou
71%
0383 Groudon
71%
0281 Kirlia
71%
0382 Kyogre
71%
0113 Leveinard
71%
0448 Lucario
71%
0312 Négapi
71%
0031 Nidoqueen
71%
0033 Nidorino
71%
0041 Nosferapti
71%
0700 Nymphali
71%
0044 Ortide
71%
0390 Ouisticram
71%
0395 Pingoléon
71%
0311 Posipi
71%
0045 Rafflesia
71%
0243 Raikou
71%
0039 Rondoudou
71%
0027 Sabelette
71%
0109 Smogo
71%
0110 Smogogo
71%
0208 Steelix
71%
0245 Suicune
71%
0280 Tarsal
71%
0023 Abo
68%
0024 Arbok
68%
0070 Boustiflor
68%
0251 Celebi
68%
0069 Chétiflor
68%
0071 Empiflor
68%
0256 Galifeu
68%
0487 Giratina
68%
0250 Ho-Oh
68%
0116 Hypotrempe
68%
0158 Kaiminus
68%
0249 Lugia
68%
0126 Magmar
68%
0154 Méganium
68%
0043 Mystherbe
68%
0029 Nidoran♀
68%
0032 Nidoran♂
68%
0030 Nidorina
68%
0042 Nosferalto
68%
0470 Phyllali
68%
0384 Rayquaza
68%
0112 Rhinoféros
68%
0120 Stari
68%
0121 Staross
68%
0389 Torterra
68%
0051 Triopikeur
68%
0160 Aligatueur
66%
0139 Amonistar
66%
0138 Amonita
66%
0491 Darkrai
66%
0101 Électrode
66%
0475 Gallame
66%
0078 Galopa
66%
0089 Grotadmorv
66%
0117 Hypocéan
66%
0230 Hyporoi
66%
0123 Insécateur
66%
0385 Jirachi
66%
0254 Jungko
66%
0087 Lamantine
66%
0124 Lippoutou
66%
0467 Maganon
66%
0462 Magnézone
66%
0048 Mimitoss
66%
0077 Ponyta
66%
0019 Rattata
66%
0020 Rattatac
66%
0111 Rhinocorne
66%
0447 Riolu
66%
0028 Sablaireau
66%
0088 Tadmorv
66%
0073 Tentacruel
66%
0107 Tygnon
66%
0100 Voltorbe
66%
0049 Aéromite
63%
0658 Amphinobi
63%
0159 Crocrodil
63%
0239 Élekid
63%
0397 Étourvol
63%
0259 Flobio
63%
0155 Héricendre
63%
0140 Kabuto
63%
0141 Kabutops
63%
0106 Kicklee
63%
0260 Laggron
63%
0131 Lokhlass
63%
0153 Macronium
63%
0240 Magby
63%
0253 Massko
63%
0103 Noadkoko
63%
0102 Noeunoeuf
63%
0394 Prinplouf
63%
0486 Regigigas
63%
0128 Tauros
63%
0072 Tentacool
63%
0201 Zarbi
63%
0388 Boskara
61%
0391 Chimpenfeu
61%
0212 Cizayox
61%
0236 Debugant
61%
0398 Étouraptor
61%
0396 Étourmi
61%
0156 Feurisson
61%
0080 Flagadoss
61%
0161 Fouinette
61%
0262 Grahyèna
61%
0182 Joliflor
61%
0115 Kangourex
61%
0237 Kapoera
61%
0380 Latias
61%
0381 Latios
61%
0264 Linéon
61%
0238 Lippouti
61%
0132 Métamorph
61%
0501 Moustillon
61%
0105 Ossatueur
61%
0104 Osselait
61%
0086 Otaria
61%
0118 Poissirène
61%
0060 Ptitard
61%
0079 Ramoloss
61%
0378 Regice
61%
0377 Regirock
61%
0500 Roitiflam
61%
0492 Shaymin
61%
0157 Typhlosion
61%
0248 Tyranocif
61%
0495 Vipélierre
61%
0263 Zigzaton
61%
0227 Airmure
59%
0055 Akwakwak
59%
0268 Blindalys
59%
0445 Carchacrok
59%
0265 Chenipotte
59%
0057 Colossinge
59%
0482 Créfadet
59%
0488 Cresselia
59%
0091 Crustabri
59%
0386 Deoxys
59%
0373 Drattak
59%
0246 Embrylex
59%
0162 Fouinar
59%
0656 Grenousse
59%
0097 Hypnomade
59%
0090 Kokiyas
59%
0099 Krabboss
59%
0098 Krabby
59%
0405 Luxray
59%
0497 Majaspic
59%
0261 Medhyèna
59%
0376 Métalosse
59%
0167 Mimigal
59%
0169 Nostenfer
59%
0119 Poissoroy
59%
0054 Psykokwak
59%
0379 Registeel
59%
0464 Rhinastoc
59%
0114 Saquedeneu
59%
0127 Scarabrute
59%
0096 Soporifik
59%
0062 Tartard
59%
0247 Ymphect
59%
0465 Bouldeneu
56%
0722 Brindibou
56%
0267 Charmillon
56%
0503 Clamiral
56%
0481 Créfollet
56%
0657 Croâporal
56%
0084 Doduo
56%
0215 Farfuret
56%
0727 Félinferno
56%
0056 Férosinge
56%
0200 Feuforêve
56%
0443 Griknot
56%
0498 Gruikui
56%
0277 Hélédelle
56%
0646 Kyurem
56%
0242 Leuphorie
56%
0403 Lixy
56%
0404 Luxio
56%
0490 Manaphy
56%
0276 Nirondelle
56%
0269 Papinox
56%
0440 Ptiravi
56%
0202 Qulbutoké
56%
0643 Reshiram
56%
0374 Terhal
56%
0061 Têtarte
56%
0174 Toudoudou
56%
0494 Victini
56%
0716 Xerneas
56%
0717 Yveltal
56%
0266 Armulys
54%
0652 Blindépique
54%
0083 Canarticho
54%
0480 Créhelf
54%
0229 Démolosse
54%
0461 Dimoret
54%
0085 Dodrio
54%
0371 Draby
54%
0241 Écrémeuh
54%
0446 Goinfrex
54%
0499 Grotichon
54%
0399 Keunotor
54%
0496 Lianaja
54%
0272 Ludicolo
54%
0228 Malosse
54%
0375 Métang
54%
1008 Miraidon
54%
0122 M. Mime
54%
0270 Nénupiot
54%
0046 Paras
54%
0047 Parasect
54%
0489 Phione
54%
0137 Porygon
54%
0369 Relicanth
54%
0186 Tarpaud
54%
0359 Absol
51%
0349 Barpau
51%
0651 Boguérisse
51%
0444 Carmache
51%
0400 Castorno
51%
0322 Chamallot
51%
0372 Drackhaus
51%
0309 Dynavolt
51%
0723 Efflèche
51%
0310 Élecsprint
51%
0653 Feunnec
51%
0163 Hoothoot
51%
1007 Koraidon
51%
0429 Magirêve
51%
0473 Mammochon
51%
0650 Marisson
51%
0502 Mateloutre
51%
0168 Migalos
51%
0350 Milobellus
51%
0289 Monaflèmit
51%
0406 Rozbouton
51%
0319 Sharpedo
51%
0320 Wailmer
51%
0321 Wailord
51%
0644 Zekrom
51%
0718 Zygarde
51%
0323 Camérupt
49%
0909 Chochodile
49%
0221 Cochignon
49%
0198 Cornèbre
49%
0610 Coupenotte
49%
0165 Coxy
49%
0166 Coxyclaque
49%
0725 Flamiaou
49%
0655 Goupelin
49%
0792 Lunala
49%
0478 Momartik
49%
0164 Noarfang
49%
0477 Noctunoir
49%
0362 Oniglali
49%
0730 Oratoria
49%
0728 Otaquin
49%
0810 Ouistempo
49%
0417 Pachirisu
49%
0287 Parecool
49%
0233 Porygon2
49%
0474 Porygon-Z
49%
0199 Roigada
49%
0315 Rosélia
49%
0407 Roserade
49%
0654 Roussil
49%
0214 Scarhino
49%
0791 Solgaleo
49%
0361 Stalgamin
49%
0216 Teddiursa
49%
0302 Ténéfix
49%
0356 Téraclope
49%
0468 Togekiss
49%
0357 Tropius
49%
0347 Anorith
46%
0724 Archéduc
46%
0324 Chartor
46%
0366 Coquiperl
46%
0430 Corboss
46%
0645 Démétéros
46%
0232 Donphan
46%
0108 Excelangue
46%
0511 Feuillajou
46%
0513 Flamajou
46%
0812 Gorythmic
46%
0187 Granivol
46%
0485 Heatran
46%
0328 Kraknoix
46%
0180 Lainergie
46%
0330 Libégon
46%
0345 Lilia
46%
0271 Lombre
46%
0726 Matoufeu
46%
0439 Mime Jr.
46%
0363 Obalie
46%
0360 Okéoké
46%
0181 Pharamp
46%
0364 Phogleur
46%
0274 Pifeuil
46%
0906 Poussacha
46%
0207 Scorplane
46%
0472 Scorvol
46%
0367 Serpang
46%
0275 Tengalice
46%
0175 Togepi
46%
0191 Tournegrin
46%
0612 Tranchodon
46%
0217 Ursaring
46%
0329 Vibraninf
46%
0348 Armaldo
44%
0184 Azumarill
44%
0298 Azurill
44%
0411 Bastiodon
44%
0279 Bekipan
44%
0460 Blizzaroi
44%
0459 Blizzi
44%
0641 Boréas
44%
0354 Branette
44%
0318 Carvanha
44%
0234 Cerfrousse
44%
0409 Charkos
44%
0412 Cheniti
44%
0463 Coudlangue
44%
0553 Crocorible
44%
0301 Delcatty
44%
0226 Démanta
44%
0410 Dinoclier
44%
0514 Flamoutan
44%
0515 Flotajou
44%
0642 Fulguris
44%
0278 Goélise
44%
0273 Grainipiot
44%
0365 Kaimorse
44%
0647 Keldeo
44%
0218 Limagma
44%
0438 Manzaï
44%
0220 Marcacrin
44%
0183 Marill
44%
0402 Mélokrik
44%
0479 Motisma
44%
0419 Mustéflott
44%
0729 Otarlette
44%
0231 Phanpy
44%
0519 Poichigeon
44%
0507 Ponchien
44%
0506 Ponchiot
44%
0637 Pyrax
44%
0815 Pyrobut
44%
0368 Rosabyss
44%
0336 Séviper
44%
0185 Simularbre
44%
0639 Terrakium
44%
0176 Togetic
44%
0635 Trioxhydre
44%
0346 Vacilys
44%
0288 Vigoroth
44%
0640 Viridium
44%
0219 Volcaropod
44%
0179 Wattouat
44%
0334 Altaria
41%
0425 Baudrive
41%
0225 Cadoizo
41%
0420 Ceribou
41%
0509 Chacripan
41%
0432 Chaffreux
41%
0431 Chaglam
41%
0413 Cheniselle
41%
0638 Cobaltium
41%
0189 Cotovol
41%
0702 Dedenne
41%
0621 Drakkarmin
41%
0799 Engloutyran
41%
0358 Éoko
41%
0188 Floravol
41%
0516 Flotoutan
41%
0649 Genesect
41%
0426 Grodrive
41%
0192 Héliatronc
41%
0985 Hurle-Queue
41%
0862 Ixon
41%
0816 Larméléon
41%
0510 Léopardus
41%
0508 Mastouffe
41%
0778 Mimiqui
41%
0794 Mouscoto
41%
0418 Mustébouée
41%
0177 Natu
41%
0355 Skelénox
41%
0300 Skitty
41%
0788 Tokopisco
41%
0333 Tylton
41%
0178 Xatu
41%
0193 Yanma
41%
0469 Yanmega
41%
0888 Zacian
41%
0889 Zamazenta
41%
0805 Ama-Ama
39%
0602 Anchwatt
39%
0416 Apireine
39%
0415 Apitrini
39%
0283 Arakdo
39%
0194 Axoloto
39%
0458 Babimanta
39%
0811 Badabouin
39%
0285 Balignon
39%
0424 Capidextre
39%
0190 Capumain
39%
0421 Ceriflor
39%
0286 Chapignon
39%
0912 Coiffeton
39%
0823 Corvaillus
39%
0401 Crikzik
39%
0521 Déflaisan
39%
0634 Diamat
39%
0587 Emolga
39%
0552 Escroco
39%
0512 Feuiloutan
39%
0813 Flambino
39%
0663 Flambusard
39%
0911 Flâmigator
39%
0607 Funécire
39%
0305 Galegon
39%
0304 Galekid
39%
0306 Galeking
39%
0526 Gigalithe
39%
0203 Girafarig
39%
0900 Hachécateur
39%
0297 Hariyama
39%
0720 Hoopa
39%
0611 Incisache
39%
0206 Insolourdo
39%
0798 Katagami
39%
0408 Kranidos
39%
0603 Lampéroie
39%
0171 Lanturn
39%
0170 Loupio
39%
0370 Lovdisc
39%
0296 Makuhita
39%
0195 Maraiste
39%
0551 Mascaïman
39%
0648 Meloetta
39%
0908 Miascarade
39%
0821 Minisange
39%
0505 Miradar
39%
0292 Munja
39%
0290 Ningale
39%
0604 Ohmassacre
39%
0441 Pijako
39%
0613 Polarhume
39%
0235 Queulorior
39%
0504 Ratentif
39%
0576 Sidérella
39%
0633 Solochi
39%
0584 Sorbouboul
39%
0442 Spiritomb
39%
0299 Tarinor
39%
0423 Tritosor
39%
0721 Volcanion
39%
0522 Zébibron
39%
0523 Zéblitz
39%
0807 Zeraora
39%
0571 Zoroark
39%
0567 Aéroptéryx
37%
0566 Arkéapti
37%
0817 Arrozard
37%
0797 Bamboiselle
37%
0536 Batracné
37%
0295 Brouhabam
37%
0795 Cancrelove
37%
0564 Carapagos
37%
0308 Charmina
37%
0293 Chuchmur
37%
0789 Cosmog
37%
0541 Couverdure
37%
0557 Crabicoque
37%
0537 Crapustule
37%
0555 Darumacho
37%
0554 Darumarond
37%
0632 Fermite
37%
0205 Foretress
37%
1000 Gromago
37%
0538 Judokrak
37%
0427 Laporeille
37%
0814 Lapyro
37%
0428 Lockpin
37%
0609 Lugulabre
37%
0804 Mandrillon
37%
0335 Mangriff
37%
0284 Maskadra
37%
0565 Mégapagos
37%
0578 Méios
37%
0351 Morphéo
37%
0435 Moufflair
37%
0291 Ninjask
37%
0524 Nodulithe
37%
0577 Nucléos
37%
0224 Octillery
37%
0914 Palmaval
37%
0414 Papilord
37%
0661 Passerouge
37%
0614 Polagriffe
37%
0636 Pyronille
37%
0294 Ramboum
37%
0697 Rexillius
37%
0422 Sancoki
37%
0337 Séléroc
37%
0338 Solaroc
37%
0583 Sorboul
37%
0579 Symbios
37%
0476 Tarinorme
37%
1024 Terapagos
37%
0785 Tokorico
37%
0787 Tokotoro
37%
0535 Tritonde
37%
0562 Tutafeh
37%
0563 Tutankafer
37%
0901 Ursaking
37%
0630 Vaututrice
37%
0543 Venipatte
37%
0570 Zorua
37%
0631 Afflamanoir
34%
0343 Balbuto
34%
0662 Braisillon
34%
0701 Brutalibré
34%
0331 Cacnea
34%
0332 Cacturne
34%
0454 Coatox
34%
0520 Colombeau
34%
0222 Corayon
34%
0558 Crabaraque
34%
0719 Diancie
34%
0626 Frison
34%
0628 Gueriaigle
34%
0344 Kaorine
34%
0539 Karaclée
34%
0433 Korillon
34%
0540 Larveyette
34%
0818 Lézargus
34%
0801 Magearna
34%
0542 Manternel
34%
0802 Marshadow
34%
0307 Méditikka
34%
0808 Meltan
34%
0569 Miasmax
34%
0530 Minotaupe
34%
0877 Morpeko
34%
0434 Moufouette
34%
0313 Muciole
34%
0517 Munna
34%
0518 Mushana
34%
0596 Mygavolt
34%
0303 Mysdibule
34%
0531 Nanméouïe
34%
0800 Necrozma
34%
0668 Némélios
34%
0865 Palarticho
34%
0353 Polichombr
34%
0204 Pomdepik
34%
0696 Ptyranidur
34%
0894 Regieleki
34%
0223 Rémoraid
34%
0529 Rototaupe
34%
0625 Scalproie
34%
0544 Scobolide
34%
0574 Scrutella
34%
0582 Sorbébé
34%
0777 Togedemaru
34%
0786 Tokopiyon
34%
0803 Vémini
34%
0592 Viskuse
34%
0629 Vostourno
34%
0793 Zéroïd
34%
0905 Amovénus
32%
0436 Archéomire
32%
0317 Avaltout
32%
0559 Baggiguane
32%
0550 Bargantua
32%
0822 Bleuseille
32%
0796 Câblifère
32%
0213 Caratroc
32%
0600 Clic
32%
0342 Colhomard
32%
0790 Cosmovum
32%
0580 Couaneton
32%
0453 Cradopaud
32%
0910 Crocogril
32%
0456 Écayon
32%
0341 Écrapince
32%
0660 Excavarenne
32%
0984 Fort-Ivoire
32%
0627 Furaiglon
32%
0525 Géolithe
32%
0210 Granbull
32%
0622 Gringolem
32%
0586 Haydaim
32%
0667 Hélionceau
32%
0450 Hippodocus
32%
1021 Ire-Foudre
32%
0352 Kecleon
32%
0619 Kungfouine
32%
0736 Larvibule
32%
0738 Lucanon
32%
0457 Luminéon
32%
0314 Lumivole
32%
0608 Mélancolux
32%
0575 Mesmérella
32%
0832 Moumouflon
32%
0593 Moyade
32%
1017 Ogerpon
32%
0665 Pérégrain
32%
0806 Pierroteknik
32%
0666 Prismillon
32%
0713 Séracrawl
32%
0620 Shaofouine
32%
0209 Snubbull
32%
0327 Spinda
32%
0595 Statitik
32%
0948 Terracool
32%
0949 Terracruel
32%
0599 Tic
32%
0961 Triopikeau
32%
0585 Vivaldaim
32%
0455 Vortente
32%
0698 Amagara
29%
0437 Archéodong
29%
0560 Baggaïd
29%
0733 Bazoucan
29%
0534 Bétochef
29%
0545 Brutapode
29%
0913 Canarbello
29%
0532 Charpenti
29%
0548 Chlorobule
29%
0737 Chrysapile
29%
0601 Cliticlic
29%
0979 Courrousinge
29%
0546 Doudouvet
29%
0699 Dragmara
29%
0890 Éthernatos
29%
0681 Exagide
29%
0547 Farfaduvet
29%
0669 Flabébé
29%
0670 Floette
29%
0549 Fragilady
29%
0934 Gigansel
29%
0316 Gloupti
29%
0623 Golemastoc
29%
0712 Grelaçon
29%
0615 Hexagel
29%
0449 Hippopotas
29%
0691 Kravarech
29%
0664 Lépidonille
29%
0745 Lougaroc
29%
0556 Maracachi
29%
0809 Melmetal
29%
0568 Miamiasme
29%
0999 Mordudor
29%
0831 Moumouton
29%
0704 Mucuscule
29%
0706 Muplodocus
29%
0533 Ouvrifier
29%
1025 Pêchaminus
29%
0211 Qwilfish
29%
0895 Regidrago
29%
0744 Rocabot
29%
0659 Sapereau
29%
0624 Scalpion
29%
0892 Shifours
29%
0325 Spoink
29%
0960 Taupikeau
29%
0707 Trousselin
29%
0772 Type:0
29%
0690 Venalgue
29%
0835 Voltoutou
29%
1004 Yuyu
29%
0893 Zarude
29%
0339 Barloche
27%
0782 Bébécaille
27%
0863 Berserkatt
27%
0896 Blizzeval
27%
0776 Boumata
27%
0527 Chovsourir
27%
0825 Coléodôme
27%
0705 Colimucus
27%
0739 Crabagarre
27%
0561 Cryptéro
27%
0685 Cupcanaille
27%
0709 Desséliande
27%
0452 Drascore
27%
0784 Ékaïser
27%
1014 Félicanis
27%
0671 Florges
27%
0987 Flotte-Mèche
27%
1015 Fortusimia
27%
0746 Froussardine
27%
1006 Garde-de-Fer
27%
0882 Hydragon
27%
0581 Lakmécygne
27%
0617 Limaspeed
27%
0618 Limonde
27%
0937 Malvalame
27%
0594 Mamanbo
27%
0734 Manglouton
27%
0907 Matourgeon
27%
0994 Mite-de-Fer
27%
0679 Monorpale
27%
0598 Noacier
27%
0992 Paume-de-Fer
27%
0731 Picassaut
27%
0710 Pitrouille
27%
0741 Plumeline
27%
0921 Pohm
27%
0922 Pohmotte
27%
0451 Rapion
27%
0528 Rhinolove
27%
0743 Rubombelle
27%
0983 Scalpereur
27%
0932 Selutin
27%
0773 Silvallié
27%
0897 Spectreval
27%
0993 Têtes-de-Fer
27%
0854 Théffroi
27%
0891 Wushours
27%
0933 Amassel
24%
0751 Araqua
24%
0735 Argouste
24%
0711 Banshitrouye
24%
1002 Baojian
24%
0340 Barbicha
24%
0742 Bombydou
24%
0750 Bourrinos
24%
0708 Brocélôme
24%
???? Broussatif
24%
0715 Bruyverne
24%
???? Caloulou
24%
0588 Carabing
24%
0761 Croquine
24%
0779 Denticrisse
24%
0775 Dodoala
24%
0874 Dolman
24%
0783 Écaïd
24%
0995 Épine-de-Fer
24%
0616 Escargaume
24%
0903 Farfurex
24%
1020 Feu-Perçant
24%
0692 Flingouste
24%
0959 Forgelina
24%
0941 Fulgulairo
24%
0694 Galvaran
24%
0693 Gamblast
24%
0765 Gouroutan
24%
0326 Groret
24%
0589 Lançargot
24%
0824 Larvadar
24%
0678 Mistigrix
24%
???? Ogéko
24%
0675 Pandarbare
24%
0732 Piclairon
24%
0923 Pohmarmotte
24%
0841 Pomdrapi
24%
0677 Psystigri
24%
0990 Roue-de-Fer
24%
0714 Sonistrelle
24%
0763 Sucreine
24%
0684 Sucroquin
24%
0898 Sylveroy
24%
0752 Tarenbulle
24%
0749 Tiboudet
24%
0757 Tritox
24%
0840 Verpom
24%
0826 Astronelle
22%
0875 Bekaglaçon
22%
0672 Cabriolaine
22%
0936 Carmadura
22%
0935 Charbambin
22%
1023 Chef-de-Fer
22%
0760 Chelours
22%
0673 Chevroum
22%
0572 Chinchidou
22%
0950 Craparoi
22%
0680 Dimoclès
22%
0780 Draïeul
22%
0842 Dratatin
22%
0884 Duralugon
22%
1016 Favianos
22%
0754 Floramantis
22%
0682 Fluvetin
22%
0958 Forgella
22%
0957 Forgerette
22%
0881 Galvagla
22%
0591 Gaulet
22%
0689 Golgopathe
22%
0597 Grindur
22%
0991 Hotte-de-Fer
22%
0695 Iguolta
22%
0756 Lampignon
22%
0887 Lanssorien
22%
0605 Lewsor
22%
0758 Malamandre
22%
0774 Météno
22%
0866 M. Glaquette
22%
0753 Mimantis
22%
0606 Neitram
22%
0759 Nounourson
22%
0928 Olivini
22%
0977 Oyacata
22%
0674 Pandespiègle
22%
0902 Paragruel
22%
0573 Pashmilla
22%
0855 Polthégeist
22%
1011 Pomdramour
22%
0748 Prédastérie
22%
0766 Quartermac
22%
0988 Rampe-Ailes
22%
0819 Rongourmand
22%
0820 Rongrigou
22%
0828 Roublenard
22%
1005 Rugit-Lune
22%
0768 Sarmuraï
22%
0686 Sepiatop
22%
0687 Sepiatroce
22%
1009 Serpente-Eau
22%
0767 Sovkipou
22%
0755 Spododo
22%
0703 Strassie
22%
0917 Tissenboule
22%
0770 Trépassable
22%
1010 Vert-de-Fer
22%
0940 Zapétrel
22%
0927 Briochien
20%
0762 Candine
20%
0869 Charmilly
20%
1001 Chongjian
20%
0924 Compagnol
20%
0771 Concombaffe
20%
0740 Crabominable
20%
0982 Deusolourdo
20%
1003 Dinglu
20%
0925 Famignol
20%
0968 Ferdeter
20%
0986 Fongus-Furie
20%
0836 Fulgudog
20%
0880 Galvagon
20%
0920 Gambex
20%
0859 Grimalin
20%
0870 Hexadron
20%
0883 Hydragla
20%
0978 Nigirigon
20%
1022 Roc-de-Fer
20%
0851 Scolocendre
20%
0952 Scovilain
20%
0781 Sinistrail
20%
0964 Superdofin
20%
0945 Tag-Tag
20%
1013 Théffroyable
20%
0590 Trompignon
20%
0867 Tutétékri
20%
0747 Vorastérie
20%
0965 Vrombi
20%
0871 Wattapik
20%
0939 Ampibidou
17%
0861 Angoliath
17%
0930 Arboliva
17%
0769 Bacabouh
17%
0873 Beldeneige
17%
0856 Bibichut
17%
0830 Blancoton
17%
0899 Cerbyllin
17%
0837 Charbi
17%
0683 Cocotine
17%
0676 Couafarel
17%
0868 Crèmy
17%
0963 Dofin
17%
0981 Farigiraf
17%
0918 Filentrappe
17%
0872 Frissonille
17%
0969 Germéclat
17%
0998 Glaivodo
17%
0827 Goupilou
17%
0915 Gourmelet
17%
0839 Monthracite
17%
0967 Motorizard
17%
0845 Nigosier
17%
0929 Olivado
17%
0688 Opermine
17%
0989 Pelage-Sablé
17%
1019 Pomdorochi
17%
1018 Pondralugon
17%
0852 Poulpaf
17%
0849 Salarsen
17%
0980 Terraiste
17%
0829 Tournicoton
17%
0946 Virovent
17%
0954 Bérasca
15%
0878 Charibari
15%
0864 Corayôme
15%
0976 Délestin
15%
0886 Dispareptil
15%
0844 Dunaconda
15%
0843 Dunaja
15%
0846 Embrochet
15%
0973 Flamenroule
15%
0970 Floréclat
15%
0860 Fourbelin
15%
0916 Fragroin
15%
0996 Frigodo
15%
0944 Gribouraigne
15%
0850 Grillepattes
15%
0764 Guérilande
15%
0853 Krakos
15%
0953 Léboulérou
15%
0962 Lestombaile
15%
0919 Lilliterelle
15%
0879 Pachyradjah
15%
0926 Pâtachiot
15%
1012 Poltchageist
15%
0904 Qwilpik
15%
0858 Sorcilence
15%
0938 Têtampoule
15%
0972 Tomberro
15%
0971 Toutombe
15%
0848 Toxizap
15%
0947 Virevorreur
15%
0966 Vrombotor
15%
0876 Wimessir
15%
0857 Chapotus
12%
0956 Cléopsytra
12%
0997 Cryodo
12%
0943 Dogrino
12%
0885 Fantyrm
12%
0833 Khélocrok
12%
0951 Pimito
12%
0834 Torgamord
12%
0838 Wagomine
12%
0955 Flotillon
10%
0942 Grondogue
10%
0847 Hastacuda
10%
0931 Tapatoès
10%
0975 Balbalèze
7%
0974 Piétacé
7%
Aucun quiz correspondant
Distribution des résultats
% des personnes avec chaque résultat
Percentile par nombre de réponses
Votre historique - résultats
Vous n’avez pas pris ce quiz depuis la dernière actualisation